000 00237nam a2200097Ia 4500
008 240331s9999 xx 000 0 und d
082 _bThi
100 _aThirunavukkarasu, V
245 0 _aPerinavathathin Alive Illankaiyin Vidivu
942 _cL
999 _c2337
_d2337